000 01383cam a22003251 4500
001 12448
003 BD-RjUL
005 20211208235309.0
008 140128r19591956cau 001 0 eng d
035 _a(BD-RjUL)12497
040 _aDLC/ICU
_cICU
_dDLC
_dBD-RjUL
_beng
041 _aeng
082 0 0 _a590.1
_bSCP 1959
100 1 _aSchenk, Edward T.
_q(Edward Theodore),
_d1905-
_938715
245 1 0 _aProcedure in taxonomy :
_bincluding a reprint in translation of the Règles internationales de la nomenclature zoölogique (International code of zoölogical nomenclature) with titles and notes on the opinions rendered to the present date (1907 to 1956) /
_cBy Edward T. Schenk and John H. McMasters.
250 _a3rd ed.
260 _aStanford, Calif.,
_bStanford University Press
_c1956 [reprinted 1959].
300 _avii, 149 p. :
_c24 cm.
504 _aIncludes index.
650 0 _aAnimals
_vClassification.
_938305
650 0 _aAnimals
_vNomenclature.
_938716
650 0 _aFossils
_xClassification.
_938717
700 1 _aMcMasters, John H.
_q(John Herbert),
_d1908-
_938718
700 1 _aKeen, A. Myra
_q(Angeline Myra),
_d1905-1986.
_938719
710 2 2 _aInternational Commission on Zoological Nomenclature.
_tInternational code of zoological nomenclature.
_f1956.
_938720
740 0 _aTaxonomy.
942 _2ddc
_cBK
999 _c12448
_d12448